000 00414nam a2200169Ia 4500
008 230524s9999 xx 000 0 und d
020 _a9788173194283
082 _a621.317
_bDUB
100 _aGopal K.Dubey
245 0 _aFundamentals of Electrical Drives
250 _a2ND
260 _aNEW DELHI
_bNarosa
_c2004
300 _aXV;392
500 _aQuantity Number: 182
650 _aElectrical
942 _cBK
999 _c13351
_d13351